000 00573nam a2200217Ia 4500
003 OSt
005 20220928140955.0
006 a|||||r|||| 00| 0
007 ta
008 220927b |||||||| |||| 00| 0 eng d
024 _a12641
037 _cTextual
040 _aSDCL
_cSDCL
_beng
041 _2eng
_aeng
082 _aO-,3N163:g, L3
100 _aWinnifrith Tom
_9498313
245 0 _aBrontes and their background
_b Romance and reality.
260 _c1973
942 _hO-,3N163:g, L3
_cTEXL
_2CC
999 _c815050
_d815050